| 000 | 00397nam a2200157Ia 4500 | ||
|---|---|---|---|
| 008 | 221030s9999 xx 000 0 und d | ||
| 020 | _a8177581791 | ||
| 041 | _aEnglish | ||
| 082 |
_a105.23 _bTan |
||
| 100 | _aA. S. Tanenbaum | ||
| 245 | 0 |
_aDistributed Operating Systems _cby A. S. Tanenbaum |
|
| 260 |
_bPearson Education _aDelhi _c2006 |
||
| 300 | _a606 | ||
| 650 | _aComputers | ||
| 942 | _cBK | ||
| 999 |
_c2686 _d2686 |
||